000 00413nam a2200157Ia 4500
008 230718s9999 xx 000 0 und d
041 _aeng
082 _a004.6
_bJAY
100 _aJayasimha K.R.
_9149723
245 _aIt Initiatives In Rural India
260 _c2005
_bICFAI Books
300 _a203
365 _cRs.
_b350.00
700 _aJayasimha K.R. & Yamini
_9189092
906 _d12/4/06/IPRESS/2006
_cIT
999 _c313529
_d313529